1365 1421 1830 1394 1294 1307 1807 1540 1656 1956 1134 1514 1751 1459 1462 1747 1711 1063 1095 1599 1806 1790 1965 1897 1114 1312 1474 1510 1118 1524 1812 1407 1437 1061 1929 1923 1568 1347 1040 1152 1096 1404 1292 1797 1884 1990 1590 1217 1869 1560 1940 1531 1194 1039 1122 1390 1657 1790 1709 1359 1907 1287 1746 1524 1784 1411 1567 1231 1820 1997 1463 1160 1180 1069 1536 1482 1777 1940 1274 1137 1548 1782 1489 1877 1284 1250 1259 1868 1360 1329 1365 1339 1580 1665 1743 1912 1350 1406 1707 BCNSPRNW ULIB Ver.6.0+V

เปลี่ยนเป็นภาษาไทย

Change to English
 แสดงรายละเอียดบรรณานุกรม
  กลับหน้าหลัก

Brief Record : Get Marc (ISO 2709) : E-mail record : QR code < ปิดหน้าต่าง
LEADER : 00000nam 2200000uu 4500
001    13399109708
003     ULIB
008    110410s2543||||th 000 0 tha d
022    08576459
060 04 WC1JT3^bข687ร 2543
110 2  กรมควบคุมโรคติดต่อ^bกองมาลาเรีย
245 10 รายงานประจำปี 2543/^cกองมาลาเรีย
260    กรุงเทพฯ :^bกองมาลาเรีย,^c2543
300     168 หน้า :^bภาพประกอบ, ภาพคนเหมือน, แผนที่ ;^c26 ซม.
310    รายปี
500    ข้อมูลส่วนใหญ่เป็นตาราง
591    LICL มีปี 2541, 2542, 2543
591    LIRV มีปี 2522, 2524-2545
591    LISI มีปี 2517-2518, 2520-2545
591    LIAD มีปี 2540, 2541
610 27 กองมาลาเรีย^vรายงานประจำปี
610 27 กองมาลาเรีย^xการจัดส่วนราชการ
650  7 มาลาเรีย^zไทย^xสถิติ
730 02 รายงานประจำปี (กองมาลาเรีย) 2543
945    ^p0^l0^i014542
995    ทศพร
999 ^a ใช้งานได้ทุกระบบ
รายการนี้ยังไม่มีแท็ก
คุณยังไม่ได้ล็อกอิน คุณสามารถมีกิจกรรมร่วมกับเว็บไซต์ได้ แต่ต้องล็อกอินก่อน ::
  ล็อกอิน

รายการสื่อสารสนเทศ

ลำดับที่ ประเภท เลขเรียก/บาร์โค้ด สถานที่ สถานะ
- ไม่พบข้อมูล -

BibComment


ยังไม่เคยถูกคอมเมนท์

คอมเมนท์ทรัพยากรรายการนี้
  คอมเมนท์: รายงานประจำปี 254..


 Copyright 2026. Bcnsprnw @Library